[Event "277th YMCA Summer B"]
[Site "Warsaw"]
[Date "2023.07.19"]
[Round "9"]
[White "Kozak, Jan"]
[Black "Przybylik, Mariusz"]
[Result "1/2-1/2"]
[WhiteElo "1316"]
[BlackElo "1151"]
[PlyCount "125"]
[EventDate "2023.07.04"]
[EventType "tourn"]
[EventRounds "2"]
[EventCountry "POL"]
[SourceDate "2023.07.04"]

1. e4 c5 2. Nf3 Nc6 3. d4 cxd4 4. Nxd4 d6 5. Bb5 Bd7 6. O-O Nf6 7. f3 g6 8.
Bxc6 bxc6 9. c4 Bg7 10. Nc3 O-O 11. b3 Qb6 12. Be3 Qa5 13. Qc2 Qe5 14. f4 Qh5
15. Rae1 Ng4 16. Nf3 Nxe3 17. Rxe3 Qc5 18. Qd3 Bg4 19. Kh1 Bxf3 20. Rexf3 e6
21. f5 Qd4 22. Ne2 Qxd3 23. Rxd3 Be5 24. Ng1 exf5 25. exf5 f6 26. Nf3 Rad8 27.
Rfd1 Rc8 28. Nd4 a5 29. Kg1 c5 30. Nb5 Rcd8 31. fxg6 hxg6 32. Nxd6 Bd4+ 33.
Rxd4 cxd4 34. Rxd4 Rfe8 35. Nxe8 Rxd4 36. Nxf6+ Kf7 37. Nd5 Rd1+ 38. Kf2 Rd2+
39. Kf3 Rxa2 40. Ke4 Rb2 41. c5 Rxb3 42. Kd4 a4 43. Kc4 Rb8 44. Nb6 a3 45. Kb3
Rh8 46. h3 Rh5 47. Na4 Ke6 48. Kxa3 Rf5 49. Kb4 Rf2 50. Kb5 Rxg2 51. Kb6 Rh2
52. c6 Rxh3 53. Nc5+ Kf5 54. Nb7 Rb3+ 55. Kc5 Rc3+ 56. Kd5 Rxc6 57. Kxc6 g5 58.
Nc5 g4 59. Nd3 $11 g3 60. Ne1 Ke4 61. Kd6 Ke3 62. Ke5 Ke2 63. Kf4 1/2-1/2

[Event "277th YMCA Summer B"]
[Site "Warsaw"]
[Date "2023.08.01"]
[Round "10"]
[White "Dziolko, Wiktor"]
[Black "Kozak, Jan"]
[Result "1-0"]
[WhiteElo "1225"]
[BlackElo "1316"]
[PlyCount "39"]
[EventDate "2023.07.04"]
[EventType "tourn"]
[EventRounds "2"]
[EventCountry "POL"]
[SourceDate "2023.07.04"]

1. d4 f5 2. e4 fxe4 3. Nc3 Nf6 4. Bg5 e6 5. Nxe4 Be7 6. Bxf6 Bxf6 7. Nf3 Nc6 8.
c3 b6 9. Qc2 Bb7 10. Bd3 h6 11. O-O-O Qe7 12. Nxf6+ gxf6 13. d5 Ne5 14. Nxe5
fxe5 15. Bg6+ Kd8 16. dxe6 d6 17. Bf7 Bxg2 18. Rhg1 Bh3 19. Qg6 Kc8 20. Rg3 1-0

[Event "277th YMCA Summer B"]
[Site "Warsaw"]
[Date "2023.07.26"]
[Round "10"]
[White "Kozera, Konrad"]
[Black "Rembecki, Robert"]
[Result "0-1"]
[WhiteElo "1202"]
[BlackElo "1366"]
[PlyCount "58"]
[EventDate "2023.07.04"]
[EventType "tourn"]
[EventRounds "2"]
[EventCountry "POL"]
[SourceDate "2023.07.04"]

1. e4 b6 2. d4 Bb7 3. Nc3 e6 4. Bd3 Bb4 5. Nge2 Nf6 6. f3 d5 7. e5 Nfd7 8. Be3
c5 9. a3 Bxc3+ 10. Nxc3 Nc6 11. Nb5 O-O 12. c3 f6 13. f4 fxe5 14. fxe5 cxd4 15.
cxd4 Qh4+ 16. g3 Qh3 17. Qd2 Na5 18. Qc2 Rac8 19. Nc3 Nxe5 20. O-O-O Nxd3+ 21.
Qxd3 Nc4 22. Bf4 e5 23. dxe5 d4 24. Qxd4 Bxh1 25. Rxh1 Qg2 26. Rg1 Qxb2+ 27.
Kd1 Rfd8 28. Qd5+ Rxd5+ 29. Nxd5 Rd8 0-1